Fields and rings /

Guardado en:
Autor Principal: Kaplansky, Irving, 1917-2006.
Formato: Libro
Idioma:English
Publicado: Chicago : University of Chicago Press, 1972.
Edición:2nd ed.
Series:Chicago lectures in mathematics
Materias:
Etiquetas: Agregar Etiqueta
Sin Etiquetas, Sea el primero en etiquetar este registro!
LEADER 01028cam a2200277 a 4500
001 MAT.inmabb003168
008 720925s1972####ilu######b####001#0#eng##
005 20170808185607.0
245 1 0 |a Fields and rings /  |c Irving Kaplansky. 
250 |a 2nd ed. 
260 |a Chicago :  |b University of Chicago Press,  |c 1972. 
300 |a x, 206 p. ;  |c 21 cm. 
440 0 |a Chicago lectures in mathematics 
500 |a "These lecture notes combine three items previously available from Chicago's Department of Mathematics: Theory of fields, Notes on ring theory, and Homological dimension of rings and modules."--Preface to 1st ed. 
504 |a Incluye referencias bibliográficas. 
510 4 |a MR,  |c 50 #2139 
020 |a 0226424510 (pbk) 
020 |a 0226424502 
100 1 |a Kaplansky, Irving,  |d 1917-2006. 
650 0 |a Algebraic fields. 
650 0 |a Rings (Algebra) 
650 0 |a Galois theory. 
084 |a 12-01 (16-01)  |2 msc2000 
010 |a  72078251  
040 |a DLC  |c DLC  |d DLC 
859 |h 12  |i K17f-2  |p A-4508  |b BIB. MATEMATICA